Problème de bit : 8 mots dans mots (mort subite) - Statistiques

Statistiques générales
  • Ce quiz a été pris 89 fois
  • Le résultat moyen est 6 sur 8
Answers on the Grid
Answers color-coded by a green-red scale on the quiz's grid according to % correct below.
Dé---er
Ma---er
Exor---é
Co---rtiment
Or---e
Ma---ien
E---nce
Su---e
Téléco---nde
Inha---uel
Ar---re
Cha---ur
Ha---uer
Cha---tre
Fé---le
Ha---er
 
Statistiques - réponses
Réponse % Correct
Dé---er
89%
Or---e
82%
Exor---é
79%
Ha---uer
79%
Inha---uel
79%
Ar---re
75%
Su---e
71%
Ha---er
68%
Aucun quiz correspondant
Distribution des résultats
% des personnes avec chaque résultat
Percentile par nombre de réponses
Votre historique - résultats
Vous n’avez pas pris ce quiz